000 00625nam a22001937a 4500
005 20140821114642.0
010 _aENG-110592
020 _c399.00
_a9788131759219
035 _aEN-94124
037 _bDBAD/PUB
082 _a483
100 _aGill, Japinder
245 _aVocabulary advantage for GRE/CAT/GMAT and other examinations /
_cby Japinder Gill
260 _aNoida
_bDorling Kindersley
_c2012
270 _a7th Floor Knowledge Boulvard, A-8(A) Sector 62
_bNoida
_e201309
300 _a426p.
_c27cm(pbk)
500 _aIncludes bibliographical references and index
942 _2ddc
_cEN
_mGIL
_h483
999 _c87501
_d87501